5HLuxD.jpg

KING HENRY VIII SENIOR AND PRIMARY SCHOOL LIBRARY OPAC

The silver chair / (Record no. 1242)

000 -LEADER
fixed length control field 00669 am a22002170 4500
001 - CONTROL NUMBER
control field ocm10344745
003 - CONTROL NUMBER IDENTIFIER
control field OSt
005 - DATE AND TIME OF LATEST TRANSACTION
control field 20221227111259.0
008 - FIXED-LENGTH DATA ELEMENTS--GENERAL INFORMATION
fixed length control field 790626s1956 j f eng u
020 ## - INTERNATIONAL STANDARD BOOK NUMBER
International Standard Book Number 9780064405041
020 ## - INTERNATIONAL STANDARD BOOK NUMBER
International Standard Book Number 9780064471091
040 ## - CATALOGING SOURCE
Transcribing agency Lib
Modifying agency KH8
082 ## - DEWEY DECIMAL CLASSIFICATION NUMBER
Classification number FIC LEW
100 1# - MAIN ENTRY--PERSONAL NAME
Personal name Lewis, C. S.
Fuller form of name (Clive Staples),
Dates associated with a name 1898-1963.
Relator term Author
245 14 - TITLE STATEMENT
Title The silver chair /
Statement of responsibility, etc. C.S. Lewis ; with illustrations by Pauline Baynes.
260 ## - PUBLICATION, DISTRIBUTION, ETC.
Place of publication, distribution, etc. New York :
Name of publisher, distributor, etc. HarperTrophy,
Date of publication, distribution, etc. 1953.
490 0# - SERIES STATEMENT
Series statement Chronicles of Narnia ;
Volume/sequential designation bk. 6.
500 ## - GENERAL NOTE
General note Also published : New York : HarperTrophy, 1981.
700 1# - ADDED ENTRY--PERSONAL NAME
Personal name Baynes, Pauline.
Relator term Illustrator
942 ## - ADDED ENTRY ELEMENTS (KOHA)
Source of classification or shelving scheme
Koha item type Books - Fiction
Holdings
Withdrawn status Lost status Source of classification or shelving scheme Damaged status Not for loan Collection code Permanent Location Current Location Shelving location Date acquired Total Checkouts Full call number Barcode Date last seen Date last checked out Price effective from Koha item type
          Fiction KH8 Primary School Library KH8 Primary School Library Fiction 2022-12-27 2 FIC LEW KHPL000003015 2025-12-05 2023-02-08 2022-12-27 Books - Fiction

Powered By KH8 IT Dept